La investigación biográfico-narrativa en educación : (Record no. 104157)

MARC details
000 -CABECERA
campo de control de longitud fija 00773nam a2200229 a 4500
005 - FECHA Y HORA DE LA ÚLTIMA TRANSACCIÓN
campo de control 20240924064020.0
008 - ELEMENTOS DE LONGITUD FIJA--INFORMACIÓN GENERAL
campo de control de longitud fija 040218s2001 mx r 000 0 spa d
020 ## - NÚMERO INTERNACIONAL NORMALIZADO PARA LIBROS
Número Internacional Estándar del Libro 8471337142
035 ## - NÚMERO DE CONTROL DEL SISTEMA
Número de control de sistema UPN01000132002
049 ## - COLECCIÓN
Colección CG
050 #4 - SIGNATURA TOPOGRÁFICA DE LA BIBLIOTECA DEL CONGRESO
Número de clasificación LB1028
Número de documento/Ítem B6.4
100 1# - ASIENTO PRINCIPAL--NOMBRE PERSONAL
Nombre de persona Bolívar Botía, Antonio,
Fechas asociadas al nombre 1952-
9 (RLIN) 31294
245 13 - MENCIÓN DE TÍTULO
Título La investigación biográfico-narrativa en educación :
Resto del título enfoque y metodología /
Mención de responsabilidad, etc. Antonio Bolívar, Jesús Domingo y Manuel Fernández.
260 ## - PUBLICACIÓN, DISTRIBUCIÓN, ETC.
Lugar de publicación, distribución, etc. Madrid :
Nombre del editor, distribuidor, etc. La Muralla,
Fecha de publicación, distribución, etc. 2001.
300 ## - DESCRIPCIÓN FÍSICA
Extensión 323 p. :
Otras características físicas il.
440 #0 - MENCIÓN DE SERIE/ASIENTO SECUNDARIO--TÍTULO
Título Aula abierta
650 #4 - ASIENTO SECUNDARIO DE MATERIA - TERMINO TEMATICO
Término de materia o nombre geográfico como elemento de entrada Educación
Subdivisión general Investigación
9 (RLIN) 4070
650 #4 - ASIENTO SECUNDARIO DE MATERIA - TERMINO TEMATICO
Término de materia o nombre geográfico como elemento de entrada Narración (Retórica)
9 (RLIN) 4866
700 1# - ASIENTO SECUNDARIO--NOMBRE DE PERSONAL
Nombre de persona Domingo Segovia, Jesús
Término indicativo de función/relación coaut.
9 (RLIN) 42833
700 1# - ASIENTO SECUNDARIO--NOMBRE DE PERSONAL
Nombre de persona Fernández, Manuel,
Término indicativo de función/relación coaut.
905 ## - TIPO DE MATERIAL
Tipo de material Libro
Holdings
Estado de retiro Estado de pérdida Fuente del sistema de clasificación o colocación Estado dañado No para préstamo Código de colección Localización permanente Ubicación/localización actual Ubicación en estantería Fecha de adquisición Total de préstamos Renovaciones totales Clasificación Código de barras Fecha visto por última vez Fecha del último préstamo Número de copia Tipo de ítem Koha En préstamo
    Library of Congress Classification     Colección General Bib. Gregorio Torres Quintero Bib. Gregorio Torres Quintero Planta baja 08/02/2023 68 1 LB1028 B6.4 245078 19/03/2025 05/03/2025 1 Libro  
    Library of Congress Classification     Colección General Bib. Gregorio Torres Quintero Bib. Gregorio Torres Quintero Planta baja 17/10/2022 63   LB1028 B6.4 222323 20/03/2025 19/03/2025 1 Libro  
    Library of Congress Classification     Colección General Bib. Gregorio Torres Quintero Bib. Gregorio Torres Quintero Planta baja 31/10/2022 59 2 LB1028 B6.4 222322 16/04/2026 16/04/2026 1 Libro 30/04/2026